[Event "50th-ITA-ch-Teams-2018"]
[Site "Gallipoli"]
[Date "2018.04.27"]
[Round "1"]
[White "Granda Zuniga, Julio E"]
[Black "Lettieri, Giuseppe"]
[Result "0-1"]
[WhiteElo "2640"]
[BlackElo "2426"]
[Annotator "TA"]
[PlyCount "80"]
[EventDate "2018.??.??"]
[EventType "team-tourn"]
[EventCountry "ITA"]
[SourceTitle "playchess.com"]
[Source "ChessBase"]
[SourceQuality "1"]

{[%evp 20,80,21,10,38,17,22,17,20,-9,-17,-10,-3,-18,-8,-26,-32,-30,-25,-39,-27,-56,-49,-66,-30,-45,-56,-65,-60,-60,-52,-52,-45,-81,-69,-120,-71,-276,-242,-288,-261,-271,-280,-247,-247,-391,-347,-358,-272,-529,-326,-518,-524,-502,-314,-294,-245,-1729,-565,-552,-545,-2408,-2259]} 1. c4 e5 2. Nc3 Nf6 3. g3 d5 4. cxd5 Nxd5 5. Bg2 Nb6 6. b3 Be7 {A22: English Opening: 1...e5 2 Nc3 Nf6} 7. Bb2 O-O 8. Rc1 f5 9. d3 Bf6 10. Nf3 Nc6 11. O-O {LiveBook: 4 Games} Nd4 $146 ({Predecessor:} 11... Kh8 12. Nd2 Nd4 13. Nc4 {½-½ (13) Adorjan,A (2485)-Oll,L (2645) Szeged 1997}) 12. Ne1 c6 13. e3 Ne6 14. f4 exf4 15. gxf4 Nc7 16. Qd2 a5 {[%cal Ba7a5,Ba5a4][%mdl 32]} 17. Nd1 a4 18. Bxf6 Rxf6 19. b4 Rd6 20. Nf2 Be6 21. Nf3 Kh8 22. Ng5 Qg8 23. Nxe6 Qxe6 24. Rfe1 Rad8 25. Kh1 a3 26. Rc5 {[#]} Nc4 $1 {[%mdl 512]} 27. Qc2 (27. Rxc4 $2 Qxc4 28. d4 Nd5 $19) ({White should play} 27. Qe2 $15 Nb2 28. d4) 27... Nb2 $17 {[%cal Rb2d3]} (27... Nxe3 $6 28. Qd2 $11) 28. d4 $2 {[#]} (28. Re5 $17 Qxa2 29. Rxf5) 28... Rxd4 $1 $19 {[%mdl 512] Threatens to win with ...Rd2.} 29. Rxf5 (29. exd4 Qxe1+) 29... Rd2 ({And not} 29... Rxb4 30. Qc5 $15 (30. Rh5 h6 $17)) 30. Rf8+ Rxf8 31. Qxd2 Qxa2 32. Ne4 (32. Nh3 {keeps fighting.}) 32... Qd5 33. Qc2 Qc4 34. Qb1 $2 (34. Qxc4 {was worth a try.} Nxc4 35. Nc3) 34... Qd3 35. Qa2 (35. Qc1 {was necessary.}) 35... Nd5 36. Nd6 Qc3 37. Ra1 Qxe3 $40 {[%mdl 128] Black goes for the king.} 38. Nxb7 $2 (38. Nf7+ Rxf7 39. Qxb2 $1 {[%mdl 512]}) 38... Nxb4 (38... Nc3 $142 39. Qxa3 Nd3) 39. Qxa3 {[#]} N2d3 $1 {[%cal Rd3f2] ( -> ...Nf2+)} 40. Bxc6 Qxf4 {Precision: White = 31%, Black = 59%.} 0-1

[Event "50th-ITA-ch-Teams-2018"]
[Site "Gallipoli"]
[Date "2018.04.27"]
[Round "1"]
[White "Sadzikowski, Daniel"]
[Black "Bertagnolli, Alexander"]
[Result "1-0"]
[WhiteElo "2582"]
[BlackElo "2393"]
[Annotator "TA"]
[PlyCount "63"]
[EventDate "2018.??.??"]
[EventType "team-tourn"]
[EventCountry "ITA"]
[SourceTitle "playchess.com"]
[Source "ChessBase"]
[SourceQuality "1"]

{[%evp 25,63,42,50,49,54,7,7,0,0,0,0,0,2,0,6,0,0,0,19,0,11,4,3,2,4,16,10,6,14,12,12,12,11,12,5,11,269,271,316,318]} 1. c4 Nf6 2. Nc3 e6 {[%cal Be7e6,Be6d5,Bd5d4][%mdl 32]} 3. e4 {[%cal Be2e4,Be4e5][%mdl 32]} d5 4. cxd5 exd5 5. e5 d4 6. exf6 dxc3 7. Bb5+ c6 8. Qe2+ Be6 9. Bc4 Qxf6 10. dxc3 {A18: English Opening: Flohr-Mikenas System (1 c4 Nf6 2 Nc3 e6 3 e4)} Be7 11. Bxe6 Qxe6 12. Qxe6 fxe6 13. Nf3 Nd7 {LiveBook: 3 Games} 14. Be3 (14. O-O Bf6 15. Be3 Kf7 16. Nd2 Rhd8 17. Ne4 Nb6 {1-0 (80) Sjugirov,S (2673)-Shevchenko,K (2453) Moscow 2017}) 14... Bc5 15. Nd4 $146 ({Predecessor:} 15. Ke2 Rd8 16. Rad1 Bxe3 17. Kxe3 Ke7 {0-1 (50) Shtefan,V-Ivchenko,A (2165) Kiev 2005}) 15... e5 16. Ne6 Bxe3 17. fxe3 Kf7 18. Ng5+ $1 Ke7 19. O-O {[#] Strongly threatening Rf7+.} h6 20. Nf7 Rhf8 21. Rad1 Rac8 22. Rf5 Ke6 23. g4 Nf6 24. Nxe5 Rfd8 25. Rdf1 Rd5 26. Nf3 {Black should prevent e4.} Nxg4 27. Nd4+ Kd6 28. Rf7 {[#] Nf5+ is the strong threat.} Nxe3 29. Re1 $36 {[%mdl 2048] White has good play.} Rg5+ 30. Kh1 Re8 $2 {[%mdl 8192]} (30... Re5 $11) 31. Rf3 $18 ({Worse is} 31. Rxb7 Ng4 $15) 31... Rg2 32. Rexe3 {Precision: White = 79%, Black = 54%.} 1-0

[Event "50th-ITA-ch-Teams-2018"]
[Site "Gallipoli"]
[Date "2018.04.27"]
[Round "1"]
[White "Vazquez Igarza, Renier"]
[Black "Ashiku, Franc"]
[Result "1-0"]
[WhiteElo "2558"]
[BlackElo "2380"]
[Annotator "TA"]
[PlyCount "87"]
[EventDate "2018.??.??"]
[EventType "team-tourn"]
[EventCountry "ITA"]
[SourceTitle "playchess.com"]
[Source "ChessBase"]
[SourceQuality "1"]

{[%evp 9,87,24,23,4,6,-5,15,8,0,8,42,39,38,35,25,38,40,31,48,51,101,54,47,52,70,79,87,71,159,112,152,162,187,153,237,212,266,272,267,275,263,218,225,229,293,288,385,385,439,363,363,363,348,361,357,358,360,360,383,316,375,307,385,379,410,413,384,359,359,359,423,423,468,468,472,470,583,583,583,573]} 1. d4 d5 2. c4 e6 3. Nc3 Nf6 4. Bg5 dxc4 5. e3 a6 6. Qf3 $146 {D50: Queen's Gambit Declined: Dutch-Peruvian Gambit} ({Predecessor:} 6. a4 h6 7. Bh4 b6 8. Bxc4 Bb7 9. Nf3 c5 10. O-O cxd4 11. exd4 Be7 12. Qe2 O-O 13. Rad1 Nc6 14. Rfe1 Nd5 15. Bxd5 Bxh4 16. Be4 Re8 17. d5 exd5 18. Rxd5 Qe7 19. Qd2 Qf6 20. Rd7 {1-0 (20) Ding,L (2749)-Lu,S (2595) Danzhou 2015}) 6... Nbd7 7. Bxc4 Rb8 8. Rd1 {The position is equal.} b5 {Threatens to win with ...Bb7.} 9. Bb3 Bb7 10. Qh3 Be7 11. Nf3 Ne4 12. Nxe4 Bxe4 13. Bf4 {[%cal Bg5f4,Bf4g3,Bg3h4][%mdl 32]} Nf6 14. Ne5 Nd5 15. O-O O-O 16. Bg3 {Black must now prevent Nc6.} Nf6 17. Bh4 Qd6 18. f3 Bf5 ({Black should try} 18... Bd5) 19. Qg3 {aiming for e4.} Bg6 {[#]} 20. Rc1 $1 Nd5 21. Bxd5 Bxh4 (21... exd5 $16 22. Bxe7 Qxe7) 22. Qxh4 $18 Qxd5 23. Nc6 ({Not} 23. Rxc7 Rbc8 $16) 23... Qxa2 24. Nxb8 Rxb8 25. Rf2 ({Weaker is} 25. Rxc7 Qxb2 26. Rfc1 h6 $16) 25... Re8 26. Qf4 e5 27. dxe5 Bd3 28. Rd2 Bc4 29. e6 Bxe6 30. Qxc7 h6 31. Rd8 Rxd8 32. Qxd8+ {[%mdl 4096] Endgame KQR-KQB} Kh7 33. Qd3+ g6 34. Qc3 Qd5 35. h3 {[%cal Bh2h3,Bh3h4][%mdl 32]} h5 36. Qd4 Qg5 37. h4 Qg3 38. Qf4 Qxf4 39. exf4 {[%cal Be3f4,Bf4f5,Bf5f6][%mdl 32] KR-KB} a5 40. Rc5 {White is clearly winning.} Bd7 41. Rd5 Be8 42. f5 Kg7 43. Rd8 Bc6 {[#]} 44. f6+ $1 {Precision: White = 73%, Black = 33%.} 1-0

[Event "50th-ITA-ch-Teams-2018"]
[Site "Gallipoli"]
[Date "2018.04.27"]
[Round "1"]
[White "Lazic, Miroljub"]
[Black "Jobava, Baadur"]
[Result "0-1"]
[WhiteElo "2497"]
[BlackElo "2669"]
[Annotator "TA"]
[PlyCount "42"]
[EventDate "2018.??.??"]
[EventType "team-tourn"]
[EventCountry "ITA"]
[SourceTitle "playchess.com"]
[Source "ChessBase"]
[SourceQuality "1"]

{[%evp 10,42,14,11,19,19,19,-13,24,29,43,37,59,53,62,26,29,25,57,44,61,71,77,54,49,43,39,19,9,12,29,-170,-178,-671,-666]} 1. Nf3 d5 2. g3 c6 3. Bg2 Bf5 4. O-O e6 5. d3 (5. c4 dxc4 6. a4 Nd7 7. Na3 Bxa3 8. Rxa3 Ngf6 9. Nh4 O-O 10. Nxf5 exf5 11. Qc2 Re8 12. Re3 Qa5 13. Qxc4 {1-0 (85) So,W (2789)-Aronian,L (2780) Leuven 2017}) 5... h6 6. Nbd2 {LiveBook: 34 Games. A07: Réti Opening: New York and Capablanca Systems} Bh7 7. b3 $146 {[%cal Bb2b3,Bb3b4][%mdl 32]} ({Predecessor:} 7. e4 Nf6 8. e5 Nfd7 9. Nb3 c5 10. h4 Nc6 11. Re1 Be7 12. Be3 O-O 13. c3 b5 14. d4 c4 15. Nc1 b4 16. Ne2 Qa5 17. Bd2 Rab8 {0-1 (17) Grkinic,G (1966)-Wimmer,J (2029) LSS email 2011}) 7... Be7 8. c4 {The position is equal.} Na6 9. a3 Bf6 10. Rb1 Ne7 11. b4 O-O 12. Bb2 Bxb2 13. Rxb2 Nc7 14. Qb3 g5 15. Rc1 Qd6 16. a4 g4 17. c5 Qd8 18. Ne5 h5 19. d4 $1 a6 20. Qe3 $2 (20. e3 $11 {and White stays safe.}) 20... f6 $19 21. Nd3 $2 {[#]} (21. Nec4 Nf5 22. Qc3) 21... Nf5 $1 {Precision: White = 47%, Black = 73%.} 0-1

[Event "50th-ITA-ch-Teams-2018"]
[Site "Gallipoli"]
[Date "2018.04.27"]
[Round "1"]
[White "Stella, Andrea"]
[Black "Efimov, Igor"]
[Result "0-1"]
[WhiteElo "2496"]
[BlackElo "2407"]
[Annotator "TA"]
[PlyCount "80"]
[EventDate "2018.??.??"]
[EventType "team-tourn"]
[EventCountry "ITA"]
[SourceTitle "playchess.com"]
[Source "ChessBase"]
[SourceQuality "1"]

{[%evp 28,80,66,0,22,14,27,20,24,25,44,44,63,0,0,-9,0,0,0,0,9,37,89,0,0,0,282,22,27,0,0,0,8,0,6,0,38,45,49,0,0,-104,-104,-126,-92,-197,-161,-310,-289,-505,-265,-29992,-29993,-29993,-29994]} 1. Nf3 Nf6 2. c4 c5 3. g3 b6 4. Bg2 Bb7 5. O-O g6 6. d4 cxd4 7. Qxd4 Bg7 8. Nc3 d6 9. Rd1 Nbd7 10. Be3 Rc8 11. Rac1 h6 {A30: Symmetrical English: Double Fianchetto and Hedgehog} (11... O-O 12. Qh4 a6 13. b3 Rc7 14. Ne1 Qa8 15. Bxb7 Qxb7 16. Ng2 Rc6 17. Nd5 Nxd5 18. cxd5 Rxc1 19. Rxc1 Nf6 20. Nf4 {0-1 (32) Lalith,B (2587)-Tomashevsky,E (2716) Doha 2016}) 12. b3 O-O 13. Qd2 Ng4 14. Bd4 Ngf6 15. Be3 $146 {LiveBook: 4 Games} ({Predecessor:} 15. Nd5 Nxd5 16. cxd5 Rxc1 17. Rxc1 Nf6 18. Bxf6 Bxf6 19. Qxh6 Bxd5 {½-½ (27) Urban,K (2440)-Bashkov,V (2420) Koszalin 1996}) 15... Ng4 16. Bf4 g5 17. Be3 Nxe3 18. Qxe3 Rc5 19. Ne4 Ra5 20. Nd4 ({White should try} 20. b4 $14 Rxa2 21. Nd4) 20... Qa8 $11 21. Nb5 f5 {[%cal Rb7e4]} 22. Nec3 $1 Bxg2 23. Qe6+ Kh8 {And now ...Bh3 would win.} 24. Qxd7 {Hoping for f3.} Bh3 {[#]} (24... Qb7 $1 $14 25. Qxb7 Bxb7) 25. Nd5 ({Better is} 25. f3 $1 $16) 25... Rxa2 26. Qxe7 Rb2 $2 {[%mdl 8192]} (26... Re8 $11 27. Qxd6 Rexe2) 27. Nbc7 $2 (27. Nxd6 $18 {aiming for c5.} Kh7 28. c5 bxc5 29. Rxc5) 27... Qd8 $1 28. Qe3 Qd7 29. f4 $1 Bg4 30. Rd2 $1 {[%cal Rd2b2] Threatening Rxb2.} ({Reject} 30. fxg5 Rxe2 31. Qd3 (31. Qf4 $2 Be5 $19) 31... hxg5 $17) 30... gxf4 31. gxf4 {Strongly threatening Rxb2.} Rc8 {White must now prevent ...Rxd2.} 32. Rxb2 Bxb2 33. Rb1 (33. Rc2 $5 {[%cal Rc2b2]} Bg7 34. h3 $11) 33... Bg7 $36 {[%mdl 2048] White is under pressure.} 34. Qe6 (34. Rd1 $1 $11) 34... Rxc7 $17 35. Nxc7 Qxc7 36. Qe8+ (36. Rd1 $17) 36... Kh7 $19 {...Qb7 is the strong threat.} 37. Kf2 (37. Rd1 {was called for.}) 37... Qc5+ 38. e3 $2 (38. Kg3 Qa5 39. Qe3) 38... Qa3 {( -> ...Qa2+)} 39. Rg1 $2 {[#]} (39. Qa4 $19 Qc5 40. Rg1) 39... Qb2+ 40. Kg3 Qe2 {Precision: White = 26%, Black = 49%.} 0-1

[Event "50th-ITA-ch-Teams-2018"]
[Site "Gallipoli"]
[Date "2018.04.27"]
[Round "1"]
[White "Mogranzini, Roberto"]
[Black "Tomba, Ivan"]
[Result "0-1"]
[WhiteElo "2486"]
[BlackElo "2318"]
[Annotator "TA"]
[PlyCount "88"]
[EventDate "2018.??.??"]
[EventType "team-tourn"]
[EventCountry "ITA"]
[SourceTitle "playchess.com"]
[Source "ChessBase"]
[SourceQuality "1"]

{[%evp 18,88,66,35,42,39,30,6,52,31,137,0,-5,-45,-39,-43,-23,-29,10,-12,18,-17,13,14,11,-93,-52,-61,-45,-65,8,-29,-31,-22,-31,-21,19,-70,-56,-58,-6,-92,-89,-92,-81,-96,-8,0,0,-11,-9,-899,-864,-898,-872,-864,-854,-1598,-1397,-1428,-566,-29979,-29980,-29982,-29981,-29985,-29986,-29986,-29987,-29987,-29988,-29988,-29989]} 1. e4 c5 2. Nf3 d6 3. Nc3 e6 4. g3 d5 5. exd5 exd5 6. d4 Nf6 7. Bg2 Nc6 8. O-O cxd4 9. Nxd4 Be7 10. h3 O-O {B80: Sicilian Scheveningen: 6 g3 and 6 Be3, including English Attack} 11. Be3 $146 ({Predecessor:} 11. a3 h6 12. Re1 {1-0 (40) Reinderman,D (2410)-Nalbandian,T (2405) Sas van Gent 1992}) 11... Re8 {[%cal Bf8e8,Be8e5,Be5f5][%mdl 32]} 12. Kh2 Ne5 {The position is equal.} 13. Bf4 Bd6 (13... Bb4 $14) 14. Bxe5 (14. Ndb5 $16) 14... Rxe5 $11 15. Ndb5 Bc5 16. Nd4 Bd7 {...Qb6 is the strong threat.} 17. Nb3 Bd6 18. Re1 {[%cal Rc3d5]} Rf5 19. Qd4 Rc8 20. Re2 {[%cal Rc3d5]} Rh5 21. Rh1 (21. Kg1 $11 {keeps the balance.}) 21... Bg4 22. Rd2 {[%cal Rc3d5]} Qd7 $36 {[%mdl 2048] And now ...Re8 would win. Black has the initiative.} 23. Kg1 Bxh3 (23... Be5 $15 24. Qxa7 Bxc3 25. bxc3 Bxh3) 24. Rxh3 Rxh3 25. Nxd5 Rh6 {aiming for ...Nxd5.} 26. Ne3 Ne8 27. Nc5 (27. Qxa7 $11 Rc7 28. Qa8) 27... Qc7 $15 ({Much weaker is} 27... Rxc5 $6 28. Qxc5 $1 {[%mdl 512]} b6 29. Qc6 $16) 28. Nxb7 {Strongly threatening Nf5.} Be5 (28... Bf8 $15 29. Qxa7 Rb6) 29. Qxa7 (29. Qa4 $11 Bxb2 30. Rd7) 29... Bxb2 $17 30. c4 Bc1 31. Nd5 {[#]} Qe5 ({Stronger than} 31... Qxc4 {[#]} 32. Nd8 $1 $14 {[%mdl 512]}) ({Better is} 31... Qb8 $1 $17 {[%cal Rb8a7]} 32. Qxb8 Rxb8) 32. Rd1 $11 Bg5 ({Not} 32... Rxc4 $2 33. Nd8 $18) 33. Qa4 Nf6 {Hoping for ...Nxd5.} 34. f4 $2 {[%mdl 8192] [#]} (34. c5 $11) 34... Bxf4 $1 $19 {[%mdl 512]} 35. gxf4 (35. Nxf4 Qe3+) 35... Qe2 {( -> ...Nxd5)} 36. Nxf6+ gxf6 37. Qd7 Qe3+ 38. Kf1 Qxf4+ (38... Rxc4 $142 39. Qg4+ Rg6) 39. Kg1 Rxc4 {Black mates.} 40. Qe8+ Kg7 41. Nd6 Qh2+ 42. Kf2 Rf4+ 43. Ke3 Qg3+ 44. Kd2 Rf2+ {Precision: White = 27%, Black = 45%.} 0-1

[Event "50th-ITA-ch-Teams-2018"]
[Site "Gallipoli"]
[Date "2018.04.27"]
[Round "1"]
[White "Rombaldoni, Denis"]
[Black "Barp, Alberto"]
[Result "1-0"]
[WhiteElo "2486"]
[BlackElo "2294"]
[Annotator "TA"]
[PlyCount "67"]
[EventDate "2018.??.??"]
[EventType "team-tourn"]
[EventCountry "ITA"]
[SourceTitle "playchess.com"]
[Source "ChessBase"]
[SourceQuality "1"]

{[%evp 12,67,0,-23,0,-23,0,0,0,0,0,-7,0,-6,5,0,61,62,57,48,53,59,95,72,100,84,183,185,184,184,185,183,250,179,279,179,133,124,270,277,255,239,681,379,29987,29987,29988,29989,29991,29985,29991,29990,29990,29991,29991,29992,29992,29993]} 1. d4 d5 2. Nc3 Nf6 3. Bf4 c5 4. e3 cxd4 5. exd4 a6 6. Bd3 {B13: Caro-Kann: Exchange Variation and Panov-Botvinnik Attack} (6. Nf3 Bg4 7. h3 Bxf3 8. Qxf3 Nc6 9. O-O-O e6 10. g4 Bd6 11. Kb1 Bxf4 12. Qxf4 Rc8 13. h4 {0-1 (38) Nabaty,T (2657)-Jones,G (2654) London 2017}) 6... Nc6 {[%cal Bb8c6,Bc6b4,Bb4d3][%mdl 32]} 7. Nce2 {LiveBook: 5 Games} Nb4 8. Ng3 $146 {The position is equal.} ({Predecessor:} 8. Nf3 g6 9. Ng3 Nxd3+ 10. Qxd3 Bg7 11. O-O O-O 12. c3 Ne8 13. h4 {0-1 (36) Fernandez,F (2468)-Lopez Gonzalez,A (2343) Lima 2018}) 8... Nxd3+ 9. Qxd3 e6 10. Nf3 Bd7 11. Ne5 Be7 12. Qf3 Qa5+ 13. Bd2 Qb6 (13... Qd8 $11) 14. Nh5 $14 Rg8 $1 15. O-O-O $36 {[%mdl 2048] White is pushing.} Qxd4 16. Rhe1 $1 Qa4 17. Kb1 $1 O-O-O {[#]} 18. Bg5 $1 h6 (18... Qb4 $16) 19. Bxf6 gxf6 20. Nxf6 Bxf6 21. Qxf6 Rxg2 (21... Kb8 $142 22. b3 (22. Nxf7 Rc8 $16) (22. Qxf7 Bc8 $16) 22... Qb4 23. Qxf7 Qd6) 22. Qf3 ({Resist} 22. Qxf7 $6 Qb4 $16) (22. Nxf7 Rdg8) 22... Rxh2 (22... Rgg8 $142 23. Qxf7 Rgf8) 23. Qc3+ ({Weaker is} 23. Nxf7 Rg8 $16) ({Not} 23. Qxf7 Qh4 $16) 23... Bc6 24. Rd4 {[%cal Bd1d4,Bd4f4,Bf4f8][%mdl 32]} Qb5 (24... Rh3 $16) 25. Nxf7 $18 Rd7 {[#]} 26. Ne5 $1 {[%cal Re5d7]} Rg7 $2 (26... Rd8 27. Qg3 Qc5) 27. Rf4 Rgg2 $2 (27... d4 $18 28. Rf8+ Kc7 29. Qxd4 Qd5 30. Nxc6 Rd7) 28. a4 {[%cal Ba2a4,Ba4a5][%mdl 32] White mates.} Qb6 29. Rf8+ Kc7 30. a5 Qb5 31. Nxc6 Qxc6 32. Qe5+ Kd7 33. Rf7+ Ke8 34. Rh7 {Precision: White = 82%, Black = 23%.} 1-0

[Event "50th-ITA-ch-Teams-2018"]
[Site "Gallipoli"]
[Date "2018.04.27"]
[Round "1"]
[White "Basso, Pier Luigi"]
[Black "Lanzani, Mario"]
[Result "1-0"]
[WhiteElo "2459"]
[BlackElo "2281"]
[Annotator "TA"]
[PlyCount "71"]
[EventDate "2018.??.??"]
[EventType "team-tourn"]
[EventCountry "ITA"]
[SourceTitle "playchess.com"]
[Source "ChessBase"]
[SourceQuality "1"]

{[%evp 26,71,28,18,42,53,60,-10,96,96,96,89,95,98,105,86,93,78,140,0,131,43,54,59,96,19,121,127,126,89,221,218,183,165,219,217,434,233,491,529,467,482,579,403,5505,5505,5057,2083]} 1. d4 e6 2. c4 c5 3. d5 exd5 4. cxd5 d6 5. Nc3 g6 6. e4 Bg7 7. Bd3 Nf6 8. h3 O-O 9. Nf3 b5 10. Nxb5 Re8 11. O-O Nxe4 12. Re1 Nf6 {A70: Modern Benoni: 6 e4 g6 7 Nf3} (12... a6 13. Na3 Nf6 14. Rxe8+ Nxe8 15. Nc4 Nd7 16. Bf4 Ndf6 17. Ne3 Nh5 18. Bg5 Bf6 19. h4 Rb8 20. b3 Bxg5 21. hxg5 f6 22. gxf6 Qxf6 23. Rc1 Nc7 24. Rc4 Nf4 25. Qd2 Bd7 26. Ng4 Bxg4 27. Rxf4 Qa1+ 28. Bf1 Bxf3 29. Rxf3 Re8 30. Qf4 {1-0 (30) Mamedyarov,S (2809)-Svidler,P (2760) Moscow 2018}) 13. Rxe8+ Nxe8 14. Bg5 {LiveBook: 7 Games} Bf6 {The position is equal.} 15. Qd2 Nd7 16. Re1 $146 ({White should play} 16. h4 $14) ({Predecessor:} 16. h4 Bxg5 17. hxg5 a6 18. Nc3 Nb6 19. Re1 Ra7 20. Qe3 {1-0 (45) Sukhorskij,V (2142)-Janosi,E (2120) LSS email 2011}) 16... Bb7 (16... Ne5 $11 {remains equal.} 17. h4 Bxg5 18. Qxg5 (18. Nxg5 Nf6 $11) (18. hxg5 Nxd3 19. Qxd3 Ba6 $15) 18... Nxf3+ 19. gxf3 Nf6) 17. Rxe8+ $16 Qxe8 18. Nxd6 Bxg5 19. Qxg5 Qb8 20. Qe7 $1 {[%csl LRd7,LRf7]} Bxd5 {White must now prevent ...Qf8.} 21. Qxd7 Qxb2 (21... Qd8 $142 22. Ne5 Qxd7 23. Nxd7 Bxa2) 22. Be4 (22. Qe7 $16) 22... Be6 {[#]} (22... Bxe4 $1 $11 23. Qxf7+ Kh8) 23. Qc7 (23. Qe7 $1 $16 Rb8 24. g3) 23... Rf8 $14 24. Qxc5 Qxa2 25. Ng5 (25. Nd4 $16) 25... Qa1+ (25... h6 $11) 26. Kh2 $16 Qf6 27. Bc6 $36 {[%mdl 2048] Threatens to win with Ne8. White has strong initiative.} Ba2 (27... Bf5 $16) 28. Nde4 Qd8 29. f4 h6 (29... a5 {was called for.} 30. Nf3 f6) 30. Nf3 $18 ({Don't take} 30. Qxa7 $6 hxg5 31. Qxa2 gxf4 $16) 30... f5 $2 {[#]} (30... Bb1 {is a better defense.} 31. Nc3 Bf5) 31. Qxa7 (31. Nc3 $142 Be6 32. Ne5 (32. Qxa7 Qd6 $16)) 31... Bd5 $2 (31... Bf7) 32. Bxd5+ Qxd5 33. Nc5 Qd6 34. Ne5 g5 (34... Rf6 $142 35. h4 g5 36. Qa8+ Kg7 37. Qb7+ Kg8) 35. Qa2+ Kh7 36. Ncd7 {Precision: White = 29%, Black = 20%.} (36. Ne6 $142 Qe7 37. Nxf8+ Qxf8 38. Qe6) 1-0

[Event "50th-ITA-ch-Teams-2018"]
[Site "Gallipoli"]
[Date "2018.04.27"]
[Round "1"]
[White "Drasko, Milan"]
[Black "Banikas, Hristos"]
[Result "1/2-1/2"]
[WhiteElo "2449"]
[BlackElo "2594"]
[Annotator "TA"]
[PlyCount "78"]
[EventDate "2018.??.??"]
[EventType "team-tourn"]
[EventCountry "ITA"]
[SourceTitle "playchess.com"]
[Source "ChessBase"]
[SourceQuality "1"]

{[%evp 9,78,-23,0,0,0,-1,0,-23,0,0,0,0,0,0,0,-3,0,-31,-31,-53,-59,-56,-45,-51,-29,-54,-19,-33,-56,-42,-14,-31,-16,-16,0,0,11,11,23,0,7,0,28,7,41,10,18,18,21,0,0,0,0,0,8,18,0,0,0,0,8,6,19,24,28,28,31,30,62,47,40]} 1. Nf3 c5 2. g3 d5 3. Bg2 Nc6 4. O-O e5 5. c4 d4 6. e3 {A08: King's Indian Attack} Nf6 7. exd4 cxd4 (7... exd4 8. d3 Be7 9. Bf4 O-O 10. Re1 Nh5 11. Bc1 Nf6 12. Na3 a6 13. Ne5 Nxe5 14. Rxe5 Bd6 15. Re1 Rb8 16. Nc2 h6 {½-½ (38) Fedoseev,V (2771)-Anand,V (2758) Riadh 2017}) 8. d3 {The position is equal.} Bd6 9. Bg5 h6 10. Bxf6 $1 Qxf6 11. Nbd2 Bc7 12. a3 a5 13. Qe2 $146 ({Predecessor:} 13. Qa4 Bd7 14. Rfe1 O-O 15. Rac1 {½-½ (34) Pesa,L (2346)-Bittner,A (2327) ICCF email 2011}) 13... O-O 14. Ne1 Qg6 15. Nc2 Bg4 16. Bf3 Bxf3 17. Qxf3 a4 18. b4 axb3 19. Nxb3 Bd6 20. Nd2 Ra7 21. Rfb1 Rfa8 {[%cal Rd6a3]} 22. Rb3 Qe6 23. Rab1 Nd8 {[%cal Rd6a3]} 24. Re1 {White wants to play Nxd4!} Nc6 25. Reb1 Qc8 26. Qd5 Bc7 27. c5 Na5 28. Rb5 Qe8 29. Ne4 (29. a4 {keeps more tension.} Rd8 30. Qf3 Qe6 31. g4 g6 32. Ne4) 29... Qc6 30. Qxc6 bxc6 31. R5b4 Rd8 32. g4 g6 33. f4 exf4 34. Rxd4 Raa8 35. Rbb4 Kg7 36. h4 f5 37. gxf5 gxf5 38. Nd2 Kf6 39. Kf2 $1 Ke6 {Precision: White = 59%, Black = 44%.} 1/2-1/2

[Event "50th-ITA-ch-Teams-2018"]
[Site "Gallipoli"]
[Date "2018.04.27"]
[Round "1"]
[White "Ladron De Guevara Pinto, Paolo"]
[Black "Amato, Andrea"]
[Result "0-1"]
[WhiteElo "2422"]
[BlackElo "2299"]
[Annotator "TA"]
[PlyCount "88"]
[EventDate "2018.??.??"]
[EventType "team-tourn"]
[EventCountry "ITA"]
[SourceTitle "playchess.com"]
[Source "ChessBase"]
[SourceQuality "1"]

{[%evp 19,88,0,0,-4,0,-7,-10,-49,-71,-54,-23,-15,-23,-69,-71,-73,-72,-60,-60,-82,-104,-123,-91,-180,-150,-256,-257,-300,-296,-300,-294,-284,-237,-387,-396,-395,-387,-396,-393,-391,-381,-391,-375,-390,-388,-378,-359,-356,-357,-373,-345,-333,-333,-340,-350,-373,-373,-364,-366,-384,-385,-452,-444,-428,-434,-476,-487,-670,-665,-760,-735]} 1. e4 c5 2. Nf3 g6 3. d4 cxd4 4. Nxd4 Bg7 5. Nc3 Nc6 6. Be3 Nf6 7. Bc4 O-O 8. Bb3 Qc7 9. h3 {B35: Sicilian: Accelerated Dragon with 5 Nc3: main line} a6 10. O-O b5 {LiveBook: 3 Games} 11. Re1 $146 {The position is equal.} ({Predecessor:} 11. Nxc6 dxc6 12. Bc5 a5 13. a3 Nh5 14. Qf3 Nf4 15. Rad1 Ne6 16. Bxe6 Bxe6 {1-0 (36) Vocaturo,D (2592)-Colpe,M (2412) Helsingor 2017}) 11... Bb7 12. Nf3 d6 13. Bg5 Na5 14. a3 Nc4 15. Bxc4 $1 Qxc4 16. Nd2 Qc5 17. Bh4 Rac8 18. Nb3 Qc7 19. Qe2 Rfe8 20. Rac1 Nh5 {[%cal Bf6h5,Bh5f4,Bf4e6,Be6d4,Bd4b3][%mdl 32]} 21. Nd1 (21. Bg5 $17) 21... Bh6 22. c3 (22. Nc3 $17 {was worth a try.}) 22... Qc4 $19 23. Nd2 Qxe2 24. Rxe2 Nf4 25. Re3 Ne6 26. Re2 {[#]} (26. Ra1 $142) 26... Nd4 $1 {[%mdl 512]} 27. Kf1 (27. cxd4 Rxc1) 27... Bxd2 28. Rxd2 Nb3 29. Rcc2 Bxe4 ({Don't play} 29... Nxd2+ 30. Rxd2 Bxe4 31. Ne3 $19) 30. Ne3 h6 ({Much less strong is} 30... Nxd2+ 31. Rxd2 h5 32. f3 $19) 31. f3 Bxc2 ({But not} 31... Nxd2+ 32. Rxd2 Bb7 33. Kg1 $19) 32. Rxc2 g5 33. Bg3 Rc5 34. Bf2 Rc6 35. Re2 Nc1 36. Rd2 e6 37. h4 f5 38. Nc2 Nb3 39. Re2 a5 40. h5 Kf7 {Black is clearly winning.} 41. g3 f4 42. gxf4 gxf4 43. a4 bxa4 44. Bg1 e5 {Precision: White = 24%, Black = 75%.} 0-1